000 01585nam a2200409Ii 4500
001 DIGRILEDIT0371
003 NyNyDIG
008 161116s2013 cl a ob 000 0 spa d
006 m o d
007 cr |||||||||||
035 _a(OCoLC)874167913
040 _aDGITA
_beng
_erda
_epn
_cDGITA
020 _a9781449294786
_q(eBook)
020 _a1449294782
_q(eBook)
020 _z9789562849869
020 _z9562849864
050 1 4 _aHV6250.3.C5 ebook
082 0 4 _a362.880983
_223
100 1 _aDammert, Lucía,
_eauthor.
245 1 0 _aInseguridad, crimen y política :
_bdesafíos de la democracia en Chile /
_cLucía Dammert.
264 1 _aProvidencia, Santiago de Chile :
_bRiL editores,
_c[2013]
300 _a1 online resource :
_billustrations.
336 _atext
_btxt
_2rdacontent
337 _acomputer
_bc
_2rdamedia
338 _aonline resource
_bcr
_2rdacarrier
500 _a"Bibliodiversidad."
504 _aIncludes bibliographical references.
588 0 _aOnline resource; title from PDF title page (Digitalia, viewed November 17, 2016)
650 0 _aVictims of crimes
_zChile.
655 0 _aElectronic books.
791 2 _aDigitalia (Firm),
_edistributor.
793 0 _gDigitalia eBook Collection:
_aRil Editores
776 0 8 _iPrint version:
_aDammert, Lucía.
_tInseguridad, crimen y política.
_bPrimera edición.
_dProvidencia, Santiago de Chile : RIL editores, 2013
_z9789562849869
_w(OCoLC)875567836
856 4 0 _3Digitalia Hispánica
_uhttps://www.digitaliapublishing.com/a/25562/
910 _aPremium Collection: 2016
942 _cRAA
999 _c238598
_d238598